| 000 | 01018cam a22002771i 4500 | ||
|---|---|---|---|
| 001 | sa 65005350 | ||
| 003 | DLC | ||
| 005 | 20260227112137.0 | ||
| 008 | 760804s1960 ii h 001 0 san | ||
| 010 | _asa 65005350 | ||
| 035 | _a(OCoLC)2355149 | ||
| 040 |
_aDLC _cNSbIA _dDLC |
||
| 041 | 0 |
_asan _benghin |
|
| 042 | _apremarc | ||
| 050 | 0 | 0 |
_aBL1416 _b.G3 1960 |
| 130 | 0 |
_aTripiṭaka. _pSūtrapiṭaka. _pAvataṃsakasūtra. _pGaṇḍavyūha. |
|
| 245 | 0 | 0 |
_aGaṇḍavyūhasūtra / _ced. by P. L. Vaidya. |
| 260 |
_aDarbhanga, India, : _bMithila Institute of Post-graduate Studies and Research in Sanskrit Learning, _c1960. |
||
| 300 |
_axxxii, 450 p. : _bfacsim. ; _c26 cm. |
||
| 440 | 0 |
_aBauddha-Saṃskr̥ta-granthāvalī ; _v5 |
|
| 500 | _aTitle pages in Sanskrit and English. | ||
| 500 | _aIn Sanskrit; introd. in English and Hindi. | ||
| 630 | 0 | 0 |
_aTripiṭaka. _pSūtrapiṭaka. _pAvataṃsakasūtra. _pGaṇḍavyūha. |
| 650 | 0 | _aBuddhahood. | |
| 700 | 1 |
_aVaidya, Paraśurāma Lakshmaṇa, _d1891- _eed. |
|
| 999 |
_c64253 _d64253 |
||